00580nam a2200181 i 4500001000400000245006200004260006400066300003600130504002600166505002000192650004900212650004900261655001600310020001500326040000800341041000800349008004100357bgj00aAmerica's great hideaways /cNational Geographic Society. aWashington D.C. :bNational Geographic Society,ccop. 1986. a199 pp :bcol. photos ;c26 cm. aBibliography: p. 199. aIncludes index. 9aUnited StatesxDescription and travely1981- 9aNorth AmericaxDescription and travely1981- aGuide-books a087044591X cBPK0 aeng s uk f |000 0 eng